[Event "Liberec Region-chT 2223"]
[Site "Czech Republic"]
[Date "2023.01.29"]
[Round "7.4"]
[White "Fila, Milos"]
[Black "Trejbal, Tomas"]
[Result "1-0"]
[WhiteElo "1907"]
[BlackElo "1736"]
[PlyCount "53"]
[EventDate "2022.10.09"]
[EventType "team-tourn"]
[EventRounds "11"]
[EventCountry "CZE"]
[SourceTitle "EXT 2024"]
[Source "ChessBase"]
[SourceDate "2023.10.10"]
[SourceVersion "1"]
[SourceVersionDate "2023.10.10"]
[SourceQuality "1"]

1. d4 d5 2. c4 c6 3. Nc3 Nf6 4. Nf3 e6 5. Bg5 Nbd7 6. e3 Qa5 7. Nd2 Bb4 8. Qc2 Ne4 9. Ndxe4 dxe4 10. Bf4 g5 11. Bg3 h5 12. h4 g4 13. Be2 f5 14. 0-0 Be7 15. Rfd1 Bf6 16. d5 Ne5 17. Nxe4 fxe4 18. Qxe4 cxd5 19. cxd5 Nf7 20. dxe6 Qb6 21. exf7+ Kxf7 22. Bc4+ Kg7 23. Bd3 Kf8 24. Rac1 Bd8 25. Be5 Bf6 26. Rc7 Rh6 27. Qf4 1-0